Cvičení z elementární aritmetiky a elementární geometrie. Část 2 /

Hlavní autor: Zehnalová, Jana, matematička
Korporativní autor: Ostravská univerzita. Pedagogická fakulta
Jazyk: Čeština
Vydáno: Ostrava : Ostravská univerzita, 1997
Vydání: Vyd. 2. upr.
Edice: Učební texty Ostravské univerzity
Témata:
Fyzický popis: 115 s. : il. ; 29 cm
Knihy
Uloženo v:
LEADER 01381nam a2200373 a 4500
001 000227467
003 CZ BrMZK
005 20210413090020.0
007 ta
008 960815s1997 xr e p 0 cze d
015 |a cnb000279069 
020 |a 80-7042-123-1 
035 |a (OCoLC)38454995 
040 |a BOA001  |b cze 
072 7 |a 514  |x Geometrie  |2 Konspekt  |9 13 
072 7 |a 37.016  |x Učební osnovy. Vyučovací předměty. Učebnice  |2 Konspekt  |9 22 
080 |a 514.11  |2 MRF 
080 |a (075.8)  |2 MRF 
080 |a (076.5)  |2 MRF 
100 1 |a Zehnalová, Jana,  |c matematička  |4 aut 
245 1 0 |a Cvičení z elementární aritmetiky a elementární geometrie.  |n Část 2 /  |c Jana Zehnalová 
250 |a Vyd. 2. upr. 
260 |a Ostrava :  |b Ostravská univerzita,  |c 1997 
300 |a 115 s. :  |b il. ;  |c 29 cm 
490 1 |a Učební texty Ostravské univerzity 
500 |a Určeno pro posl. fak. pedag. - Bibliogr. 
650 0 7 |a elementární geometrie  |7 ph119910  |2 czenas 
655 7 |a učebnice vysokých škol  |7 fd133772  |2 czenas 
655 7 |a praktická cvičení  |7 fd133118  |2 czenas 
710 2 |a Ostravská univerzita.  |b Pedagogická fakulta  |7 kn20010709315 
810 2 |a Ostravská univerzita.  |t Učební texty  |0 s 
910 |a BOA001  |b 2-1020.012,2 
990 |a BK 
996 6 |b 2610058299  |c 2-1020.012,2  |l MZK  |r Sklad / do 1 hodiny  |n 8  |p p.v.  |w 000227467  |u 000010  |a 1  |e BOA001  |j MZK50  |s P